A square deal (Record no. 66597)

MARC details
000 -LEADER
fixed length control field 01094cam a2200205 4500
008 - FIXED-LENGTH DATA ELEMENTS--GENERAL INFORMATION
fixed length control field 000000n2001 000 0 eng u
035 ## - SYSTEM CONTROL NUMBER
System control number (Sirsi) u111771
100 ## - MAIN ENTRY--PERSONAL NAME
Personal name Davey, J.
245 #2 - TITLE STATEMENT
Title A square deal
260 ## - PUBLICATION, DISTRIBUTION, ETC.
Date of publication, distribution, etc. 2001
490 ## - SERIES STATEMENT
Series statement Property Week
Volume/sequential designation 66(13) 30 March 2001, 12-13(2)
520 ## - SUMMARY, ETC.
Summary, etc. Looks at the now infamous sale of BP Pension Fund's Berkeley Square Estate, which is being sold for the third time in its 260 year history. A guide price of £297m has been set, and bidders must submit their final offers by 6 April 2001. Looks at the likely contenders, particularly Grosvenor, the Duke of Westminster's property company, and Goulandris. Considers views on the likely proceeds from the estate, and looks at the role of the selling agent, CB Hillier Parker. Notes that only a few buildings on the estate have been available for physical viewing.
590 ## - LOCAL NOTE (RLIN)
Local note ABS
650 ## - SUBJECT ADDED ENTRY--TOPICAL TERM
Topical term or geographic name entry element BERKELEY SQUARE
650 ## - SUBJECT ADDED ENTRY--TOPICAL TERM
Topical term or geographic name entry element BIDDERS
650 ## - SUBJECT ADDED ENTRY--TOPICAL TERM
Topical term or geographic name entry element CB HILLIER PARKER
650 ## - SUBJECT ADDED ENTRY--TOPICAL TERM
Topical term or geographic name entry element BP PENSION ESTATE
690 ## - LOCAL SUBJECT ADDED ENTRY--TOPICAL TERM (OCLC, RLIN)
Topical term or geographic name as entry element PROPERTY-COMMERCIAL PROPERTY-COMMERCIAL PROPERTY MARKET
942 ## - ADDED ENTRY ELEMENTS (KOHA)
Suppress in OPAC 0
Holdings
Withdrawn status Lost status Source of classification or shelving scheme Damaged status Not for loan Home library Current library Shelving location Date acquired Total Checkouts Barcode Date last seen Copy number Price effective from Koha item type
    Dewey Decimal Classification     London London Journal article 03/04/2001   111771-1001 06/08/2019 1 06/08/2019 Journal article